[Event "Ljubljana op"]
[Site "Ljubljana"]
[Date "2025.05.02"]
[Round "7"]
[White "Asaka, Samuel"]
[Black "Unuk, Laura"]
[Result "1/2-1/2"]
[WhiteElo "2187"]
[BlackElo "2285"]
[PlyCount "134"]
[EventDate "2025.04.28"]
[EventType "swiss"]
[EventRounds "9"]
[EventCountry "SLO"]
[SourceTitle "CB19_2025"]
[SourceDate "2025.05.07"]
[SourceVersion "1"]
[SourceVersionDate "2025.05.07"]
[SourceQuality "1"]

1. d4 Nf6 2. Nf3 e6 3. g3 b5 4. e3 b4 5. a3 d5 6. axb4 Bxb4+ 7. c3 Be7 8. Bd3 c5 9. Nbd2 Bb7 10. 0-0 0-0 11. Qe2 Nbd7 12. e4 dxe4 13. Nxe4 cxd4 14. Nxd4 h6 15. Rd1 Nc5 16. Nxc5 Bxc5 17. Ba6 Qd5 18. Bxb7 Qxb7 19. Qe5 Nd7 20. Qh5 Rfd8 21. b4 Bb6 22. Rd3 Nf6 23. Qf3 Qxf3 24. Rxf3 Ne4 25. Be3 Nxc3 26. Nxe6 fxe6 27. Bxb6 axb6 28. Rxa8 Ne2+ 29. Kf1 Nxg3+ 30. hxg3 Rxa8 31. Rc3 Ra4 32. Rc6 Rxb4 33. Rxe6 Kf7 34. Rc6 Ke7 35. Rc7+ Kf6 36. Kg2 Re4 37. Rb7 Re6 38. f4 h5 39. Kf3 g6 40. g4 hxg4+ 41. Kxg4 Rd6 42. Rb8 Ke6 43. Kg5 Kd5 44. Rg8 Ke4 45. Re8+ Kf3 46. Rb8 Rc6 47. Rb7 Rd6 48. Rb8 Ke4 49. Re8+ Kd5 50. Rg8 b5 51. Rxg6 Rxg6+ 52. Kxg6 b4 53. f5 b3 54. f6 b2 55. f7 b1Q+ 56. Kg7 Qg1+ 57. Kh8 Qd4+ 58. Kg8 Qg4+ 59. Kh8 Qh5+ 60. Kg8 Qg6+ 61. Kh8 Qd6 62. Kg8 Qe6 63. Kh8 Qe7 64. Kg8 Qg5+ 65. Kh8 Qh6+ 66. Kg8 Qg6+ 67. Kh8 Qxf7 1/2-1/2

[Event "Ljubljana op"]
[Site "Ljubljana"]
[Date "2025.05.01"]
[Round "6"]
[White "Tratar, Marko"]
[Black "Asaka, Samuel"]
[Result "1/2-1/2"]
[WhiteElo "2374"]
[BlackElo "2187"]
[PlyCount "48"]
[EventDate "2025.04.28"]
[EventType "swiss"]
[EventRounds "9"]
[EventCountry "SLO"]
[SourceTitle "CB19_2025"]
[SourceDate "2025.05.07"]
[SourceVersion "1"]
[SourceVersionDate "2025.05.07"]
[SourceQuality "1"]

1. c4 e6 2. g3 d5 3. Bg2 Nf6 4. Nf3 d4 5. d3 Nc6 6. 0-0 Bc5 7. Nbd2 0-0 8. Nb3 Be7 9. e3 dxe3 10. Bxe3 Ng4 11. Bc5 Bxc5 12. Nxc5 b6 13. Ne4 Bb7 14. d4 Rb8 15. Nc3 Nf6 16. Qd2 Ne7 17. Rfe1 Bxf3 18. Bxf3 c6 19. Rad1 Qc7 20. Qe2 Rfd8 21. d5 cxd5 22. cxd5 Nexd5 23. Bxd5 Nxd5 24. Nxd5 exd5 1/2-1/2

[Event "Ljubljana op"]
[Site "Ljubljana"]
[Date "2025.04.28"]
[Round "1"]
[White "Asaka, Samuel"]
[Black "Cukrowski, Filip"]
[Result "0-1"]
[WhiteElo "2187"]
[BlackElo "2398"]
[PlyCount "158"]
[EventDate "2025.04.28"]
[EventType "swiss"]
[EventRounds "9"]
[EventCountry "SLO"]
[SourceTitle "CB19_2025"]
[SourceDate "2025.05.07"]
[SourceVersion "1"]
[SourceVersionDate "2025.05.07"]
[SourceQuality "1"]

1. d4 Nf6 2. c4 g6 3. Nc3 Bg7 4. e4 0-0 5. Nf3 d6 6. Be2 e5 7. 0-0 Nbd7 8. Re1 Re8 9. Bf1 c6 10. d5 c5 11. Bg5 h6 12. Bd2 Kh7 13. a3 b6 14. Rb1 Rf8 15. Qc2 Nh5 16. g3 Ndf6 17. b4 Ne8 18. a4 f5 19. exf5 Bxf5 20. Bd3 cxb4 21. Rxb4 Qf6 22. Ne4 Qe7 23. a5 bxa5 24. Rb5 Nef6 25. Nh4 Nxe4 26. Bxe4 Bxe4 27. Qxe4 Qf7 28. f3 Nf6 29. Qb1 Nd7 30. Rb7 Rfb8 31. Rxd7 Qxd7 32. Qxg6+ Kh8 33. Bxh6 Rf8 34. Bxg7+ Qxg7 35. Qxd6 Qf6 36. Ng6+ Kg7 37. Qxf6+ Rxf6 38. Nxe5 a4 39. c5 Ra6 40. Ra1 Kf6 41. f4 a3 42. Kf2 Rd8 43. d6 Ke6 44. Ke3 a2 45. Kd3 Ra3+ 46. Kc2 Ra5 47. Nd3 Kd5 48. f5 Kd4 49. f6 Ra3 50. Nf4 Rb8 51. d7 Kc4 52. Ne2 Kxc5 53. Nc3 Kc6 54. Nxa2 Kxd7 55. Rd1+ Ke6 56. Nc3 Kxf6 57. Rd3 Ra5 58. h4 Re5 59. Rd6+ Kf5 60. Ra6 Rb7 61. Ra4 a5 62. g4+ Ke6 63. Kd3 Rd7+ 64. Rd4 Re1 65. Rxd7 Kxd7 66. Kc4 Kc6 67. Kd3 Rg1 68. g5 Rg4 69. Ne4 Rxh4 70. Nf6 Rh1 71. Ke4 Rg1 72. Kf5 a4 73. Ne4 a3 74. Nc3 Kd7 75. Kf6 Ke8 76. Kg6 Kf8 77. Kh6 Rg2 78. g6 Rh2+ 79. Kg5 a2 0-1

[Event "AUS-ch op"]
[Site "Melbourne"]
[Date "2025.01.03"]
[Round "2"]
[White "Hain, Anthony"]
[Black "Asaka, Samuel"]
[Result "0-1"]
[WhiteElo "1920"]
[BlackElo "2169"]
[PlyCount "88"]
[EventDate "2025.01.02"]
[EventType "swiss"]
[EventRounds "9"]
[EventCountry "AUS"]
[SourceTitle "CB03_2025"]
[SourceDate "2025.01.15"]
[SourceVersion "1"]
[SourceVersionDate "2025.01.15"]
[SourceQuality "1"]

1. e4 c6 2. Nc3 d5 3. Qf3 dxe4 4. Nxe4 Nf6 5. Bc4 Nbd7 6. d4 Nb6 7. Bd3 Qxd4 8. Ne2 Qe5 9. Bf4 Qe6 10. h3 Nxe4 11. Bxe4 Qf6 12. Qg3 Bf5 13. Be5 Qg6 14. Bxf5 Qxf5 15. 0-0-0 f6 16. Bc7 Nd5 17. Nd4 Qc8 18. Ba5 e5 19. Rhe1 Kf7 20. Nf3 Be7 21. c4 Nb6 22. b3 Ba3+ 23. Kb1 Qf5+ 24. Ka1 Rhd8 25. Rb1 Kg8 26. Nh4 Qc2 27. f4 Bc5 28. Rec1 Bd4+ 29. Bc3 Bxc3+ 30. Qxc3 Qxc3+ 31. Rxc3 exf4 32. Rf3 Kf7 33. Nf5 g6 34. Nh6+ Kg7 35. Ng4 h5 36. Nf2 g5 37. h4 Re8 38. Rd1 Rad8 39. Rxd8 Rxd8 40. Ne4 Rd4 41. Nc5 Rd1+ 42. Kb2 Rd2+ 43. Kc3 Rxg2 44. Nxb7 Rg3 0-1

[Event "Sydney-ch"]
[Site "Sydney"]
[Date "2024.07.06"]
[Round "1"]
[White "Ni, Lucas"]
[Black "Asaka, Samuel"]
[Result "0-1"]
[WhiteElo "1873"]
[BlackElo "2147"]
[PlyCount "98"]
[EventDate "2024.07.06"]
[EventType "swiss"]
[EventRounds "9"]
[EventCountry "AUS"]
[SourceTitle "CBM 221 Extra"]
[Source "ChessBase"]
[SourceDate "2024.09.30"]
[SourceVersion "1"]
[SourceVersionDate "2024.09.30"]
[SourceQuality "1"]

1. e4 c6 2. Nf3 d5 3. d3 Nd7 4. Nc3 e6 5. d4 Bb4 6. e5 Ne7 7. Bd3 c5 8. Be3 cxd4 9. Bxd4 Nc6 10. Bb5 a6 11. Ba4 0-0 12. 0-0 Qc7 13. a3 Bxc3 14. Bxc3 Ndxe5 15. Nxe5 Nxe5 16. Qd4 f6 17. Qf4 Rf7 18. Rfe1 Ng6 19. Qxc7 Rxc7 20. Bb3 Bd7 21. g3 Kf7 22. f4 Ne7 23. Bb4 Bb5 24. Bxe7 Rxe7 25. f5 Bc4 26. fxe6+ Rxe6 27. Bxc4 dxc4 28. Rxe6 Kxe6 29. Kf2 Rd8 30. Ke3 Rd5 31. c3 Re5+ 32. Kf3 Kd6 33. Rc1 Kc6 34. Rb1 Rh5 35. h4 Rd5 36. Re1 Rf5+ 37. Kg4 Re5 38. Rb1 Kb5 39. Rd1 Re7 40. Kf3 Ka4 41. Rd6 b5 42. Kf2 Kb3 43. Rd2 Ka2 44. h5 Kb1 45. Kf3 Kc1 46. Rh2 Rd7 47. Ke3 Rd3+ 48. Ke4 Rd2 49. Rxd2 Kxd2 0-1

[Event "Sydney NSW op"]
[Site "Sydney"]
[Date "2023.06.12"]
[Round "6"]
[White "Asaka, Samuel"]
[Black "Quek, Shi Ning Kristine"]
[Result "1/2-1/2"]
[WhiteElo "2201"]
[BlackElo "1795"]
[PlyCount "67"]
[EventDate "2023.06.10"]
[EventType "swiss"]
[EventRounds "7"]
[EventCountry "AUS"]
[SourceTitle "CBM 214 Extra"]
[Source "ChessBase"]
[SourceDate "2023.07.31"]
[SourceVersion "1"]
[SourceVersionDate "2023.07.31"]
[SourceQuality "1"]

1. d4 Nf6 2. c4 e6 3. Nf3 b6 4. e3 Bb7 5. Bd3 c5 6. Nc3 d5 7. cxd5 exd5 8. 0-0 Bd6 9. b3 0-0 10. Bb2 Nbd7 11. Qe2 Rc8 12. Rfd1 Ne4 13. dxc5 Ndxc5 14. Rac1 Re8 15. Nd4 Nxd3 16. Rxd3 Ba6 17. Ncb5 Rxc1+ 18. Bxc1 Be5 19. a4 Qd7 20. Bb2 Nd6 21. Rd1 Bxd4 22. Rxd4 Bxb5 23. axb5 Nxb5 24. Rb4 Nc7 25. Qd1 Ne6 26. h4 f6 27. Rg4 Kh8 28. h5 h6 29. Qd3 Ng5 30. Qg6 Qxg4 31. Qxe8+ Kh7 32. Qg6+ Kh8 33. Qe8+ Kh7 34. Qg6+ 1/2-1/2

[Event "Sydney NSW op"]
[Site "Sydney"]
[Date "2022.06.12"]
[Round "4"]
[White "Asaka, Samuel"]
[Black "Liu, Yi"]
[Result "1-0"]
[WhiteElo "2242"]
[BlackElo "2267"]
[PlyCount "41"]
[EventDate "2022.06.11"]
[EventType "swiss"]
[EventRounds "7"]
[EventCountry "AUS"]
[SourceTitle "CBM 208 Extra"]
[Source "ChessBase"]
[SourceDate "2022.07.31"]
[SourceVersion "1"]
[SourceVersionDate "2022.07.31"]
[SourceQuality "1"]

1. d4 d5 2. c4 e6 3. Nf3 c6 4. e3 Nf6 5. b3 Nbd7 6. Bd3 b6 7. 0-0 Bb7 8. Bb2 Bd6 9. Nc3 0-0 10. Qc2 Qe7 11. e4 dxe4 12. Nxe4 Nxe4 13. Bxe4 f5 14. Bd3 c5 15. d5 exd5 16. cxd5 Bxd5 17. Bc4 Bxc4 18. Qxc4+ Kh8 19. Rfe1 Qd8 20. Rad1 Qc7 21. Qd5 1-0

[Event "Online Olym Div Top-A"]
[Site "Chess.com INT"]
[Date "2021.09.10"]
[Round "7.1"]
[White "Asaka, Samuel"]
[Black "Zhalmakhanov, Ramazan"]
[Result "0-1"]
[WhiteElo "2254"]
[BlackElo "2414"]
[PlyCount "90"]
[EventDate "2021.09.08"]
[EventType "team (rapid)"]
[EventRounds "9"]
[EventCountry "USA"]
[SourceTitle "CBM 204 Extra"]
[Source "ChessBase"]
[SourceDate "2021.11.30"]
[SourceVersion "1"]
[SourceVersionDate "2021.11.30"]
[SourceQuality "1"]
[WhiteTeam "Australia"]
[BlackTeam "Kazakhstan"]
[WhiteTeamCountry "AUS"]
[BlackTeamCountry "KAZ"]

1. d4 d5 2. c4 e6 3. Nf3 Nf6 4. g3 dxc4 5. Bg2 a6 6. 0-0 Nc6 7. e3 Rb8 8. Nfd2 e5 9. Bxc6+ bxc6 10. dxe5 Ng4 11. Nxc4 Be6 12. Nbd2 Bb4 13. b3 h5 14. h3 Bc3 15. Ba3 Nxe5 16. Rc1 Bxc4 17. Nxc4 Nxc4 18. bxc4 Qxd1 19. Rfxd1 Bb4 20. Rb1 a5 21. Rd3 Ke7 22. Rdb3 c5 23. Kf1 Rhd8 24. Bc1 Rd1+ 25. Ke2 Rbd8 26. e4 Re1+ 27. Kf3 Rdd1 28. Bg5+ f6 29. Rxd1 Rxd1 30. Bf4 a4 31. Rb2 Rd3+ 32. Ke2 Rd4 33. Rc2 Rxe4+ 34. Kf3 Rd4 35. Bxc7 g5 36. Ke2 Kd7 37. Bb8 Kc8 38. Ba7 Kb7 39. a3 Kxa7 40. axb4 cxb4 41. Ke3 b3 42. Rc1 Rd6 43. c5 Ra6 44. Kd4 b2 45. Rb1 a3 0-1

[Event "Abu Dhabi op 26th"]
[Site "Abu Dhabi"]
[Date "2019.08.07"]
[Round "6"]
[White "Asaka, Samuel"]
[Black "Srijit, Paul"]
[Result "1-0"]
[WhiteElo "2201"]
[BlackElo "2304"]
[PlyCount "51"]
[EventDate "2019.08.02"]
[EventType "swiss"]
[EventRounds "9"]
[EventCountry "UAE"]
[SourceTitle "CBM 191 Extra"]
[Source "ChessBase"]
[SourceDate "2019.09.30"]
[SourceVersion "1"]
[SourceVersionDate "2019.09.30"]
[SourceQuality "1"]

1. d4 f5 2. g3 Nf6 3. Bg2 g6 4. Nf3 Bg7 5. 0-0 0-0 6. b3 Ne4 7. Bb2 d6 8. Nbd2 Nc6 9. Ne1 d5 10. Ndf3 a5 11. Nd3 a4 12. Rc1 Kh8 13. e3 axb3 14. axb3 b6 15. c4 dxc4 16. bxc4 Na5 17. Ng5 Nxg5 18. Bxa8 c6 19. Bc3 Bd7 20. Bxa5 bxa5 21. Bb7 Qc7 22. Rb1 Rb8 23. Nc5 Qd6 24. h4 Ne4 25. Nxd7 Qxd7 26. Bxc6 1-0

[Event "Abu Dhabi op 26th"]
[Site "Abu Dhabi"]
[Date "2019.08.05"]
[Round "5"]
[White "Haase, Pavel"]
[Black "Asaka, Samuel"]
[Result "0-1"]
[WhiteElo "2128"]
[BlackElo "2201"]
[PlyCount "68"]
[EventDate "2019.08.02"]
[EventType "swiss"]
[EventRounds "9"]
[EventCountry "UAE"]
[SourceTitle "CBM 191 Extra"]
[Source "ChessBase"]
[SourceDate "2019.09.30"]
[SourceVersion "1"]
[SourceVersionDate "2019.09.30"]
[SourceQuality "1"]

1. b3 e5 2. Bb2 Nc6 3. e3 d5 4. Bb5 Bd6 5. Nf3 Qe7 6. d4 e4 7. Ne5 Qg5 8. Nxc6 Qxg2 9. Ne5+ c6 10. Rf1 cxb5 11. Qe2 a6 12. Nc3 Ne7 13. 0-0-0 0-0 14. Rg1 Qh3 15. f4 exf3 16. Qxf3 Qxf3 17. Nxf3 Bf5 18. Rd2 Rac8 19. Rdg2 Rc7 20. e4 Bg6 21. e5 Bb4 22. Nd1 Be4 23. Rf2 f6 24. c3 fxe5 25. Nxe5 Rxf2 26. Nxf2 Bxc3 27. Bxc3 Rxc3+ 28. Kd1 Nc6 29. Nxe4 dxe4 30. Re1 Nxe5 31. dxe5 e3 32. Ke2 Kf7 33. Kf3 Ke6 34. Ke4 Rc5 0-1

[Event "Abu Dhabi op 26th"]
[Site "Abu Dhabi"]
[Date "2019.08.02"]
[Round "1"]
[White "Asaka, Samuel"]
[Black "Arjun, Kalyan"]
[Result "1/2-1/2"]
[WhiteElo "2201"]
[BlackElo "2482"]
[PlyCount "192"]
[EventDate "2019.08.02"]
[EventType "swiss"]
[EventRounds "9"]
[EventCountry "UAE"]
[SourceTitle "CBM 191 Extra"]
[Source "ChessBase"]
[SourceDate "2019.09.30"]
[SourceVersion "1"]
[SourceVersionDate "2019.09.30"]
[SourceQuality "1"]

1. d4 d5 2. Nf3 Nf6 3. g3 c6 4. Bg2 Bg4 5. c4 e6 6. h3 Bh5 7. 0-0 Be7 8. Nc3 0-0 9. Qb3 Qb6 10. Ne5 Nbd7 11. g4 Bg6 12. g5 Nxe5 13. gxf6 Bxf6 14. Qxb6 axb6 15. dxe5 Bxe5 16. cxd5 exd5 17. Bd2 Rfe8 18. Rfe1 Re6 19. a4 Bf6 20. e3 Rae8 21. b4 Bf5 22. b5 Be5 23. f4 Bf6 24. Rac1 Bh4 25. Rf1 Rg6 26. Kh1 Bd3 27. Rfd1 Bf2 28. bxc6 bxc6 29. Na2 Be2 30. Nc3 Bxd1 31. Nxd1 Bh4 32. Rb1 Bd8 33. Nf2 Bc7 34. Nd3 Ra8 35. Ra1 Rd6 36. Nb4 Rad8 37. Bc3 c5 38. Be5 cxb4 39. Bxd6 Bxd6 40. Rd1 Re8 41. Rxd5 Bc5 42. a5 b3 43. a6 b2 44. Rd1 b5 45. Rb1 Rxe3 46. Rxb2 b4 47. Rd2 Kf8 48. Rd7 Ra3 49. Rc7 Ra1+ 50. Kh2 Bg1+ 51. Kg3 Rxa6 52. Bd5 Rg6+ 53. Kf3 Rf6 54. Rb7 Bc5 55. Rb8+ Ke7 56. Rb7+ Kd6 57. Bb3 Rh6 58. Kg3 Rg6+ 59. Kf3 f6 60. Bc2 Rh6 61. Kg3 g6 62. Bb3 Kc6 63. Rg7 Bd6 64. Kg4 f5+ 65. Kg3 Bxf4+ 66. Kxf4 Rxh3 67. Bg8 b3 68. Bxb3 Rxb3 69. Rxh7 Rb4+ 70. Kf3 Kd5 71. Rg7 Rg4 72. Re7 Kd6 73. Re8 Kd7 74. Re1 Rd4 75. Rg1 Rd6 76. Kf4 Ke7 77. Kg5 Rd4 78. Rg2 Ke6 79. Rg1 Ke5 80. Rg2 Re4 81. Rg1 Re3 82. Kxg6 f4 83. Rf1 Rg3+ 84. Kh5 Ke4 85. Kh4 Rg8 86. Ra1 f3 87. Kh3 Rd8 88. Kg3 Rd3 89. Kf2 Rd2+ 90. Kf1 Ke3 91. Ra3+ Rd3 92. Rxd3+ Kxd3 93. Kf2 Ke4 94. Kf1 Ke3 95. Ke1 f2+ 96. Kf1 Kf3 1/2-1/2